=LDR 00000nam 2200000 4500 =001 NUTBA000000000003398 =005 20140818115422.0 =006 =007 =008 =020 ##$$a 979-433-390-5 =035 ##$$a 0010-081400000000243 =040 ##$$a Ind =082 ##$$a 650 =090 ##$$a 650$bZoh s =100 ##$$a Zohar, danah =245 ##$$a Spiritual capital$bMemberdayakan Sq didunia bisnis$cDanah zohar =250 ##$$a Cet.2 =260 ##$$a Bandung$bMizan pustaka$c2005 =300 ##$$a 242 Hlm$c22 cm. =850 ##$$a NBPNMAT =990 ##$$a 00085173 =990 ##$$a 0001/BPAP-NTB/20142014